Storia di Roma
Uloženo v:
| Hlavní autor: | |
|---|---|
| Médium: | Kniha |
| Jazyk: | italština |
| Vydáno: |
Bolonia
Nicola Zanichelli
1954
|
| Témata: | |
| Tagy: |
Přidat tag
Žádné tagy, Buďte první, kdo vytvoří štítek k tomuto záznamu!
|
MARC
| LEADER | 00000nam a2200000 a 4500 | ||
|---|---|---|---|
| 001 | UCI5957 | ||
| 003 | CL-VaPUC | ||
| 008 | 080411e19540000IT |||||||||||||||||ita|d | ||
| 082 | 0 | 4 | |a 937 |b TIT |2 21 |
| 100 | 0 | |a Tito Livio |e author |9 402587 | |
| 245 | 1 | 0 | |a Storia di Roma |
| 300 | |a v | ||
| 942 | |c BK | ||
| 945 | |d 20080411 00:00:00 |a jtorresc | ||
| 260 | |a Bolonia |b Nicola Zanichelli |c 1954 | ||
| 500 | |a v.1: Libri I-III | ||
| 500 | |a v.2: Libri XXI e XXII | ||
| 500 | |a v.3: Libri: XXIII, XXIV e XXV | ||
| 500 | |a v.4: XXVI- XXVII | ||
| 500 | |a v.5: XXVIII e XXX | ||
| 650 | 0 | |a Historia de Roma |9 315349 | |
| 650 | 0 | |a Historia antigua |9 267521 | |
| 650 | 0 | |a Civilización |9 255823 | |
| 650 | 0 | |a Prehistoria |9 316557 | |
| 650 | 7 | |a REPUBLICA REOMANA |2 CL-VaPUC |9 528625 | |
| 650 | 0 | |a Imperio Romano |9 322785 | |
| 583 | |a last modification |c 20080411 00:00:00 |k Rodrigo Vera | ||
| 999 | |c 329597 |d 329595 | ||
| 952 | |0 0 |1 0 |4 0 |6 937_000000000000000_TIT_1954 |7 0 |8 A |9 414517 |a BIBHIS |b BIBHIS |d 2019-11-22 |h v.1 |i 4427254 |o 937 TIT 1954 |p 4427254 |r 2025-01-20 |w 2019-11-22 |y BK |k HIS | ||
| 952 | |0 0 |1 0 |4 0 |6 937_000000000000000_TIT_1954 |7 0 |8 A |9 414518 |a BIBHIS |b BIBHIS |d 2019-11-22 |h v.2 |i 442722K |o 937 TIT 1954 |p 442722K |r 2025-01-20 |w 2019-11-22 |y BK |k HIS | ||
| 952 | |0 0 |1 0 |4 0 |6 937_000000000000000_TIT_1954 |7 0 |8 A |9 414519 |a BIBHIS |b BIBHIS |d 2019-11-22 |h v.3 |i 4427238 |o 937 TIT 1954 |p 4427238 |r 2025-01-20 |w 2019-11-22 |y BK |k HIS | ||
| 952 | |0 0 |1 0 |4 0 |6 937_000000000000000_TIT_1954 |7 0 |8 A |9 414520 |a BIBHIS |b BIBHIS |d 2019-11-22 |h v.4 |i 4427246 |o 937 TIT 1954 |p 4427246 |r 2025-01-20 |w 2019-11-22 |y BK |k HIS | ||
| 952 | |0 0 |1 0 |4 0 |6 937_000000000000000_TIT_1954 |7 0 |8 A |9 414521 |a BIBHIS |b BIBHIS |d 2019-11-22 |h v.5 |i 4427211 |o 937 TIT 1954 |p 4427211 |r 2025-01-20 |w 2019-11-22 |y BK |k HIS | ||